000 01645cam a2200373 a 4500
001 EDZ0000996580
003 StDuBDS
005 20161031105258.0
006 m||||||||d||||||||
007 cr |||||||||||
008 141202s2011 cau fo| 001|0|eng|d
020 _a9781483387475 (ebook) :
_cNo price
040 _aStDuBDS
_beng
_cStDuBDS
_epn
049 _aAlfaisal Main Library
050 0 _aLB3013.3
_b.A545 2011
082 0 4 _a371.58
_223
100 1 _aAnderson, Shona.
245 1 0 _aNo more bystanders = No more bullies
_h[electronic resource] :
_bactivating action in educational professionals /
_cShona Anderson.
260 _aThousand Oaks, Calif. :
_bCorwin,
_cc2011.
300 _a1 online resource (xvii, 154 p.)
500 _a"A joint publication [with] Ontario Principals' Council."
504 _aIncludes bibliographical references and index.
520 8 _aOne of the greatest challenges educators face in addressing bullying is recognizing when it is right in front of them. From identifying unsupervised campus 'hot spots' to intervening appropriately in the moment, this guide will equip staff members to stand up instead of stand by.
521 _aSpecialized.
588 _aDescription based on print version record.
650 0 _aBullying in schools
_xPrevention.
650 0 _aAction research in education.
650 0 _aTeachers
_xTraining of.
655 7 _aElectronic books.
_2local
710 2 _aSage eBooks
776 0 8 _iPrint version :
_z9781412990967
856 4 0 _uhttp://ezproxy.alfaisal.edu/login?url=http://sk.sagepub.com/books/no-more-bystanders-equals-no-more-bullies
942 _2lcc
_cEBOOKS
999 _c483341
_d483341